000
00352nam a2200133Ia 4500
008
151213s9999 xx 000 0 und d
245
_a
Statistical Year Book Of Bangladesh - 1992
250
_a
13th
260
_a
Dhaka
_b
Bangladesh Burcaouncil Of Statisrtics
_c
1993
300
_a
3482 p.
650
_a
Reference
650
_a
Reference
999
_c
2305
_d
2305